[Event "Port of Spain Knights op 45th"]
[Site "Port of Spain"]
[Date "2018.05.03"]
[Round "5"]
[White "Lee, Cecil"]
[Black "Duncan, Leonard"]
[Result "1-0"]
[WhiteElo "1831"]
[BlackElo "1869"]
[PlyCount "77"]
[EventDate "2018.04.05"]
[EventType "swiss"]
[EventRounds "7"]
[EventCountry "TRI"]
[SourceTitle "CBM 184 Extra"]
[Source "ChessBase"]
[SourceDate "2018.06.28"]
[SourceVersion "1"]
[SourceVersionDate "2018.06.28"]
[SourceQuality "1"]

1. c4 g6 2. Nc3 Bg7 3. g3 e5 4. Nf3 d6 5. d4 Nc6 6. dxe5 Nxe5 7. Nxe5 Bxe5 8. Bg2 h5 9. h4 Ne7 10. e4 0-0 11. Bh6 Bg7 12. Bxg7 Kxg7 13. Qd4+ Kh7 14. Qf6 Nc6 15. Qxd8 Nxd8 16. f4 Be6 17. Nd5 Rc8 18. 0-0-0 c6 19. Ne3 d5 20. exd5 cxd5 21. Bxd5 b5 22. b3 bxc4 23. bxc4 Re8 24. Rhe1 Bxd5 25. Rxd5 Rxc4+ 26. Nxc4 Rxe1+ 27. Kd2 Re8 28. Rd7 Kg7 29. Nd6 Rf8 30. Rxa7 Nc6 31. Rd7 Kf6 32. Ne4+ Kf5 33. Ke3 Kg4 34. Kf2 f5 35. Nc3 Rb8 36. Rd2 Nb4 37. Kg2 Rb6 38. Nd1 Re6 39. Nf2# 1-0

[Event "Port of Spain Knights op 45th"]
[Site "Port of Spain"]
[Date "2018.04.26"]
[Round "4"]
[White "Cobham, Marcus"]
[Black "Duncan, Leonard"]
[Result "1/2-1/2"]
[WhiteElo "2019"]
[BlackElo "1869"]
[PlyCount "60"]
[EventDate "2018.04.05"]
[EventType "swiss"]
[EventRounds "7"]
[EventCountry "TRI"]
[SourceTitle "CBM 184 Extra"]
[Source "ChessBase"]
[SourceDate "2018.06.28"]
[SourceVersion "1"]
[SourceVersionDate "2018.06.28"]
[SourceQuality "1"]

1. e4 c5 2. c3 g6 3. d4 cxd4 4. cxd4 Bg7 5. Nf3 Nc6 6. Nc3 Qa5 7. Be2 Nf6 8. 0-0 d5 9. Bd2 dxe4 10. Nxe4 Qd5 11. Nc3 Qd8 12. Bb5 0-0 13. Qa4 Bd7 14. d5 Nb8 15. Rfe1 Na6 16. Bxd7 Nc5 17. Qh4 Ncxd7 18. Rad1 Nb6 19. Bh6 Re8 20. Ng5 Qd7 21. Nce4 Nxe4 22. Rxe4 Bf6 23. Re3 Qa4 24. Qxa4 Nxa4 25. b3 Nb6 26. Ne4 Bg7 27. Bf4 Rad8 28. Red3 Nd7 29. Bc7 Rc8 30. d6 f5 1/2-1/2

[Event "Port of Spain Knights op 45th"]
[Site "Port of Spain"]
[Date "2018.04.12"]
[Round "2"]
[White "Duncan, Leonard"]
[Black "Superville, Arthur"]
[Result "1-0"]
[WhiteElo "1869"]
[BlackElo "1419"]
[PlyCount "36"]
[EventDate "2018.04.05"]
[EventType "swiss"]
[EventRounds "7"]
[EventCountry "TRI"]
[SourceTitle "CBM 184 Extra"]
[Source "ChessBase"]
[SourceDate "2018.06.28"]
[SourceVersion "1"]
[SourceVersionDate "2018.06.28"]
[SourceQuality "1"]

1. e4 c5 2. Nc3 e6 3. f4 Nc6 4. Nf3 a6 5. d3 d6 6. g3 Nf6 7. Bg2 Be7 8. 0-0 0-0 9. Kh1 b6 10. e5 Ne8 11. exd6 Qxd6 12. d4 Bb7 13. d5 Nd8 14. Ne5 Kh8 15. Re1 Ra7 16. a4 Ba8 17. Ne4 Qb8 18. a5 b5 1-0

[Event "Port of Spain op"]
[Site "Port of Spain"]
[Date "2017.09.02"]
[Round "9"]
[White "Duncan, Leonard"]
[Black "Johnson, Gabriella"]
[Result "0-1"]
[WhiteElo "1895"]
[BlackElo "1941"]
[PlyCount "58"]
[EventDate "2017.08.27"]
[EventType "swiss"]
[EventRounds "9"]
[EventCountry "TRI"]
[SourceTitle "CBM 180 Extra"]
[Source "ChessBase"]
[SourceDate "2017.10.06"]
[SourceVersion "1"]
[SourceVersionDate "2017.10.06"]
[SourceQuality "1"]

1. e4 c5 2. Nc3 Nc6 3. f4 g6 4. Nf3 Bg7 5. Bb5 Nd4 6. Bc4 e6 7. 0-0 a6 8. Nxd4 Bxd4+ 9. Kh1 b5 10. Be2 b4 11. Nb1 Bb7 12. e5 c4 13. c3 Ba7 14. Bxc4 Qh4 15. d4 Nh6 16. Qe1 Qxe1 17. Rxe1 bxc3 18. bxc3 0-0 19. Bd3 Rfc8 20. Bd2 Nf5 21. Na3 Rab8 22. Rab1 Nh4 23. Bf1 Kg7 24. Red1 Be4 25. Rxb8 Rxb8 26. Be1 Nf5 27. Nc4 Bd5 28. Bd3 Bxc4 29. Bxf5 gxf5 0-1

[Event "Port of Spain op"]
[Site "Port of Spain"]
[Date "2017.08.28"]
[Round "3"]
[White "Seaforth, Sylvan"]
[Black "Duncan, Leonard"]
[Result "0-1"]
[WhiteElo "1760"]
[BlackElo "1895"]
[PlyCount "90"]
[EventDate "2017.08.27"]
[EventType "swiss"]
[EventRounds "9"]
[EventCountry "TRI"]
[SourceTitle "CBM 180 Extra"]
[Source "ChessBase"]
[SourceDate "2017.10.06"]
[SourceVersion "1"]
[SourceVersionDate "2017.10.06"]
[SourceQuality "1"]

1. d4 c5 2. d5 Nf6 3. Nc3 g6 4. e4 d6 5. Bg5 Bg7 6. Be2 Nbd7 7. Nf3 a6 8. a4 Rb8 9. Qc1 0-0 10. Bh6 Qa5 11. Bxg7 Kxg7 12. h4 h5 13. Kf1 Qb4 14. Ra3 Qb6 15. Bd3 Ng4 16. Rb3 Qa7 17. Nd1 c4 18. Bxc4 Nc5 19. Re3 b5 20. axb5 axb5 21. Be2 Nxe3+ 22. Qxe3 Qa4 23. Nd4 e5 24. dxe6 Nxe6 25. c3 b4 26. b3 Qe8 27. g4 hxg4 28. h5 Rh8 29. h6+ Kh7 30. Bc4 Nxd4 31. Qxd4 Qe5 32. Qxe5 dxe5 33. Bxf7 Rf8 34. Bd5 bxc3 35. Nxc3 Rf3 36. Nd1 Ba6+ 37. Kg2 Rbf8 38. Re1 Kxh6 39. b4 Bb5 40. Be6 Kg5 41. Re3 R8f6 42. Bxg4 Kxg4 43. Rxf3 Rxf3 44. Ne3+ Rxe3 45. fxe3 Bc6 0-1

[Event "De Verteuil Memorial 24th"]
[Site "Port of Spain"]
[Date "2016.10.06"]
[Round "1"]
[White "Fitzpatrick, Kenneth"]
[Black "Duncan, Leonard"]
[Result "0-1"]
[WhiteElo "1619"]
[BlackElo "1912"]
[PlyCount "100"]
[EventDate "2016.10.06"]
[EventType "swiss"]
[EventRounds "7"]
[EventCountry "TRI"]
[SourceTitle "EXT 2018"]
[Source "ChessBase"]
[SourceDate "2017.10.13"]
[SourceVersion "1"]
[SourceVersionDate "2017.10.13"]
[SourceQuality "1"]

1. d4 c5 2. e3 g6 3. Nf3 Bg7 4. Nc3 Nf6 5. dxc5 Qa5 6. Bd3 Qxc5 7. e4 0-0 8. Be3 Qa5 9. 0-0 d6 10. h3 Nc6 11. Bd2 Ne5 12. Nxe5 Qxe5 13. Qc1 Bd7 14. Bf4 Qa5 15. Bd2 Qc7 16. a4 Rfc8 17. Nb5 Qb8 18. Be3 a6 19. Nc3 a5 20. Re1 Bc6 21. Bf4 Nd7 22. Nd5 Bxd5 23. exd5 Ne5 24. Be2 Rc5 25. c4 b6 26. Ra3 Nd7 27. Rg3 Be5 28. Bxe5 Nxe5 29. f4 Nd7 30. f5 Ne5 31. fxg6 hxg6 32. h4 Qe8 33. h5 Kg7 34. hxg6 fxg6 35. Rh3 Nf7 36. Bd3 Rac8 37. b3 Rxd5 38. Qb2+ Re5 39. Re4 Ng5 40. Rg3 Nxe4 41. Bxe4 Qh8 42. Rxg6+ Kf8 43. Qf2+ Ke8 44. Bd5 Rxd5 45. Qe2 Qa1+ 46. Kh2 Qe5+ 47. Qxe5 Rxe5 48. g4 Kf8 49. Rh6 Kg7 50. Rh3 Re2+ 0-1

[Event "Port of Spain Knights op"]
[Site "Port of Spain"]
[Date "2015.05.28"]
[Round "7"]
[White "Duncan, Leonard"]
[Black "Lee, Hayden"]
[Result "0-1"]
[WhiteElo "1910"]
[BlackElo "1907"]
[PlyCount "66"]
[EventDate "2015.04.16"]
[EventType "swiss"]
[EventRounds "7"]
[EventCountry "TRI"]
[SourceTitle "EXT 2023"]
[Source "ChessBase"]
[SourceDate "2022.10.05"]
[SourceVersion "1"]
[SourceVersionDate "2022.10.05"]
[SourceQuality "1"]

1. e4 c5 2. c3 Nf6 3. d3 Nc6 4. Nf3 e5 5. g3 Be7 6. Bg2 d6 7. 0-0 Bd7 8. Re1 Qc7 9. d4 Bh3 10. d5 Bxg2 11. Kxg2 Nb8 12. Nh4 g6 13. c4 Ng4 14. f3 Nf6 15. Bh6 Nh5 16. Qa4+ Nd7 17. Kg1 Bxh4 18. gxh4 Qd8 19. Bg5 f6 20. Be3 0-0 21. Bh6 Rf7 22. Qb3 Rb8 23. Qe3 b5 24. Nd2 Nf4 25. Kh1 f5 26. Bg5 Qf8 27. exf5 Rxf5 28. Rg1 bxc4 29. Nxc4 Nf6 30. Bxf4 Rxf4 31. Rg4 Nxg4 32. fxg4 Rxc4 33. b3 Rxg4 0-1

[Event "Port of Spain Knights op"]
[Site "Port of Spain"]
[Date "2015.05.14"]
[Round "5"]
[White "Bowles, Andrew"]
[Black "Duncan, Leonard"]
[Result "1/2-1/2"]
[WhiteElo "1878"]
[BlackElo "1910"]
[PlyCount "66"]
[EventDate "2015.04.16"]
[EventType "swiss"]
[EventRounds "7"]
[EventCountry "TRI"]
[SourceTitle "EXT 2016"]
[Source "ChessBase"]
[SourceDate "2015.10.08"]
[SourceVersion "1"]
[SourceVersionDate "2015.10.08"]
[SourceQuality "1"]

1. e4 c5 2. Nf3 g6 3. d4 Bg7 4. Nc3 Qa5 5. Be2 Nc6 6. Be3 cxd4 7. Nxd4 Nf6 8. Nb3 Qd8 9. f4 d6 10. 0-0 0-0 11. Kh1 Be6 12. Nd4 Nxd4 13. Bxd4 Qc8 14. Qd3 Ne8 15. Bxg7 Nxg7 16. Qd4 f6 17. Rad1 Rd8 18. Rd2 Qc5 19. Qxc5 dxc5 20. Rfd1 Rxd2 21. Rxd2 Kf8 22. Kg1 Rc8 23. Kf2 Ne8 24. Ke3 Nd6 25. Nd5 Bxd5 26. Rxd5 b6 27. a4 Rd8 28. Kf3 e6 29. Rd1 Ke7 30. g4 g5 31. e5 fxe5 32. fxe5 Nf7 33. Rxd8 Nxd8 1/2-1/2

[Event "De Verteuil Memorial 22nd"]
[Site "Port of Spain"]
[Date "2014.11.20"]
[Round "5"]
[White "Duncan, Leonard"]
[Black "Lee, Cecil"]
[Result "1-0"]
[WhiteElo "1883"]
[BlackElo "1933"]
[PlyCount "85"]
[EventDate "2014.10.16"]
[EventType "swiss"]
[EventRounds "7"]
[EventCountry "TRI"]
[SourceTitle "EXT 2016"]
[Source "ChessBase"]
[SourceDate "2015.10.08"]
[SourceVersion "1"]
[SourceVersionDate "2015.10.08"]
[SourceQuality "1"]

1. e4 c6 2. g3 d5 3. d3 dxe4 4. dxe4 Qxd1+ 5. Kxd1 Nf6 6. f3 e5 7. Be3 Be6 8. Nd2 Nbd7 9. Bh3 Bxh3 10. Nxh3 Bc5 11. Ke2 h6 12. Bxc5 Nxc5 13. Nc4 Nfd7 14. Nd6+ Ke7 15. Nf5+ Kf8 16. Rad1 g6 17. Nd6 a5 18. Nxb7 Ke7 19. Nxc5 Nxc5 20. Rd2 Rhd8 21. Rhd1 Rxd2+ 22. Kxd2 Rb8 23. b3 f5 24. Nf2 Rf8 25. Ke3 Rb8 26. Nd3 Nd7 27. a4 Ke6 28. Nb2 Nb6 29. Nd3 Nd7 30. f4 c5 31. exf5+ gxf5 32. fxe5 c4 33. Nf4+ Ke7 34. Ng6+ Ke8 35. Kf4 cxb3 36. cxb3 Rxb3 37. Kxf5 Rb4 38. e6 Nc5 39. Rc1 Nxe6 40. Kxe6 Re4+ 41. Ne5 Kd8 42. Rc5 Rxa4 43. Nf7+ 1-0

[Event "Port of Spain op"]
[Site "Port of Spain"]
[Date "2014.05.22"]
[Round "4"]
[White "Duncan, Leonard"]
[Black "Johnson, Joshua"]
[Result "0-1"]
[WhiteElo "1885"]
[BlackElo "2062"]
[PlyCount "86"]
[EventDate "2014.05.01"]
[EventType "swiss"]
[EventRounds "7"]
[EventCountry "TRI"]
[SourceTitle "EXT 2015"]
[Source "ChessBase"]
[SourceDate "2014.11.20"]
[SourceVersion "1"]
[SourceVersionDate "2014.11.20"]
[SourceQuality "1"]

1. e4 e5 2. Nf3 Nc6 3. d4 exd4 4. Bc4 Nf6 5. e5 d5 6. Bb5 Ne4 7. Nxd4 Bc5 8. 0-0 Bd7 9. Nxc6 bxc6 10. Bd3 Qh4 11. Bxe4 Qxe4 12. Nc3 Qg6 13. Na4 Be7 14. Be3 0-0 15. Bc5 Bh3 16. Qf3 Bg4 17. Qg3 Bxc5 18. Nxc5 Rfb8 19. Nb3 c5 20. f3 Bf5 21. Qxg6 Bxg6 22. Nxc5 Rxb2 23. e6 Rxc2 24. exf7+ Kxf7 25. Rfc1 Rb8 26. Nb3 Ke7 27. Nd4 Rxc1+ 28. Rxc1 Rb1 29. Rxb1 Bxb1 30. Nc6+ Kd6 31. Nxa7 c6 32. Nc8+ Kc7 33. Ne7 Kd7 34. Ng8 Ke8 35. a4 Kf8 36. a5 Bd3 37. Nh6 gxh6 38. Kf2 Ke7 39. Ke3 Ba6 40. Kd4 Kd6 41. f4 c5+ 42. Ke3 d4+ 43. Kd2 c4 0-1

[Event "TRI-ch"]
[Site "Port of Spain"]
[Date "2013.09.22"]
[Round "9"]
[White "Duncan, Leonard"]
[Black "Singh, Ravishen"]
[Result "0-1"]
[WhiteElo "1931"]
[BlackElo "2077"]
[PlyCount "102"]
[EventDate "2013.09.07"]
[EventType "tourn"]
[EventRounds "11"]
[EventCountry "TRI"]
[SourceTitle "CBM 156 Extra"]
[Source "ChessBase"]
[SourceDate "2013.10.22"]
[SourceVersion "1"]
[SourceVersionDate "2013.10.22"]
[SourceQuality "1"]

1. e4 c5 2. g3 g6 3. Bg2 Bg7 4. Ne2 Nc6 5. c3 Qb6 6. Na3 d6 7. 0-0 Nf6 8. Nc4 Qa6 9. Ne3 0-0 10. d4 Rd8 11. h3 b5 12. d5 Na5 13. f4 Nd7 14. h4 Bb7 15. Kh2 Nb6 16. f5 Nac4 17. Ng4 Nd7 18. Nh6+ Bxh6 19. Bxh6 Nce5 20. Bh3 Nf6 21. Rf4 b4 22. fxg6 hxg6 23. Bg5 Bc8 24. Rxf6 Bxh3 25. Rf4 Bg4 26. Rf2 f6 27. Be3 Nd3 28. Rf1 Nxb2 29. Qc2 Qxe2+ 30. Qxe2 Bxe2 31. Rf2 bxc3 32. Rxe2 Na4 33. Rc2 Rab8 34. Bf2 Rb2 35. Rac1 Rdb8 36. Kg2 Rxc2 37. Rxc2 Rb2 38. Rc1 Rxa2 39. Kf3 c2 40. Ke3 Nb6 41. Kd3 a5 42. Rxc2 Rxc2 43. Kxc2 f5 44. Be1 fxe4 45. Bxa5 Nxd5 46. Bd2 Kf7 47. Bg5 e5 48. g4 Nf4 49. Kd2 d5 50. Bd8 d4 51. Bb6 c4 0-1

[Event "TRI-ch"]
[Site "Port of Spain"]
[Date "2013.09.21"]
[Round "7"]
[White "Duncan, Leonard"]
[Black "Winter Atwell, Adrian"]
[Result "0-1"]
[WhiteElo "1931"]
[BlackElo "2051"]
[PlyCount "110"]
[EventDate "2013.09.07"]
[EventType "tourn"]
[EventRounds "11"]
[EventCountry "TRI"]
[SourceTitle "CBM 156 Extra"]
[Source "ChessBase"]
[SourceDate "2013.10.22"]
[SourceVersion "1"]
[SourceVersionDate "2013.10.22"]
[SourceQuality "1"]

1. e4 d5 2. Nc3 d4 3. Nce2 e5 4. d3 Bd6 5. f4 Bg4 6. Qd2 Nc6 7. fxe5 Bxe5 8. Qg5 Qd7 9. Nf3 Bxf3 10. gxf3 h6 11. Qd2 Qe7 12. f4 Qh4+ 13. Ng3 Bd6 14. Qf2 Nge7 15. Bd2 g5 16. e5 Bb4 17. Bxb4 Nxb4 18. f5 Qf4 19. Qd2 Qe3+ 20. Kd1 Nbd5 21. Bg2 Qxe5 22. Re1 Ne3+ 23. Kc1 0-0-0 24. Be4 Rd6 25. a4 h5 26. c4 dxc3 27. bxc3 Nc4 28. dxc4 Rxd2 29. Bxb7+ Kxb7 30. Rxe5 Rd7 31. Rb1+ Ka8 32. Ne4 Nc8 33. a5 Re7 34. Reb5 Nd6 35. Nxd6 cxd6 36. Kd2 g4 37. f6 Re6 38. a6 Rxf6 39. Rb7 Rf2+ 40. Kd3 Rxh2 41. Re1 Ra2 42. Ree7 Rxa6 43. Rxf7 h4 44. Rh7 Rxh7 45. Rxh7 h3 46. Ke3 Ra2 47. Kf4 Rg2 48. Ke4 a5 49. Kd5 h2 50. Kc6 Rb2 51. Rh8+ Ka7 52. Rh7+ Ka6 53. Rh8 Rb6+ 54. Kc7 Rb7+ 55. Kc6 g3 0-1

[Event "Umada Cup"]
[Site "Hastings"]
[Date "2011.11.11"]
[Round "6"]
[White "Duncan, Leonard"]
[Black "Harper, Ryan"]
[Result "0-1"]
[WhiteElo "2004"]
[BlackElo "2231"]
[PlyCount "66"]
[EventDate "2011.11.09"]
[EventType "tourn"]
[EventRounds "9"]
[EventCountry "BAR"]
[SourceTitle "EXT 2012"]
[Source "ChessBase"]
[SourceDate "2011.11.24"]
[SourceVersion "1"]
[SourceVersionDate "2011.11.24"]
[SourceQuality "1"]

1. e4 c5 2. Nf3 d6 3. c3 Nf6 4. d3 g6 5. g3 Bg7 6. Bg2 Nc6 7. 0-0 Rb8 8. Re1 0-0 9. Nbd2 b5 10. Nf1 b4 11. d4 bxc3 12. bxc3 d5 13. Bf4 dxe4 14. N3d2 Bg4 15. Qc1 Rc8 16. dxc5 Qa5 17. Nb3 Qa4 18. Nfd2 Bf5 19. f3 e3 20. Bxe3 Nd5 21. Nd4 Bxd4 22. Bxd4 Nxd4 23. cxd4 Qxd4+ 24. Kh1 Rxc5 25. Nb3 Rxc1 26. Nxd4 Rxa1 27. Rxa1 Ne3 28. Nc6 Re8 29. Re1 Nxg2 30. Kxg2 Bd7 31. Nxa7 Ra8 32. Rxe7 Rxa7 33. a4 Bh3+ 0-1

[Event "Umada Cup"]
[Site "Hastings"]
[Date "2011.11.09"]
[Round "1"]
[White "Pooler, Russell"]
[Black "Duncan, Leonard"]
[Result "1-0"]
[WhiteElo "1818"]
[BlackElo "2004"]
[PlyCount "109"]
[EventDate "2011.11.09"]
[EventType "tourn"]
[EventRounds "9"]
[EventCountry "BAR"]
[SourceTitle "EXT 2012"]
[Source "ChessBase"]
[SourceDate "2011.11.24"]
[SourceVersion "1"]
[SourceVersionDate "2011.11.24"]
[SourceQuality "1"]

1. e4 c5 2. Nf3 Nc6 3. d4 cxd4 4. Nxd4 g6 5. Nc3 Bg7 6. Be3 Nf6 7. Be2 0-0 8. Qd2 d5 9. Nxc6 bxc6 10. 0-0-0 Ng4 11. Bxg4 Bxg4 12. f3 Be6 13. exd5 cxd5 14. Bd4 f6 15. g4 Bf7 16. f4 Qc8 17. g5 Qf5 18. h4 Rfd8 19. gxf6 Bxf6 20. Bxf6 Qxf6 21. Qd4 Qxd4 22. Rxd4 Rd6 23. Re1 Kf8 24. Re5 e6 25. Ne4 Ra6 26. Nc3 Rb8 27. Re3 Rab6 28. b3 Rb4 29. Ne2 Rxd4 30. Nxd4 Rb6 31. Kd2 Ke7 32. a3 Kf6 33. b4 Be8 34. Kc3 h6 35. Re5 Bd7 36. Kb3 a5 37. c4 dxc4+ 38. Kxc4 axb4 39. axb4 Bc8 40. b5 Rd6 41. Kc5 Rd5+ 42. Rxd5 exd5 43. Kxd5 Bb7+ 44. Kd6 Bg2 45. Nc6 Bf1 46. b6 Ba6 47. Kc7 Kf5 48. Nb4 Kxf4 49. Nxa6 g5 50. b7 gxh4 51. b8Q h3 52. Kc6+ Kg4 53. Qh2 h5 54. Nb4 h4 55. Nd3 1-0

[Event "Caribbean op"]
[Site "Port of Spain"]
[Date "2009.08.09"]
[Round "9"]
[White "Duncan, Leonard"]
[Black "Bowles, Andrew"]
[Result "0-1"]
[WhiteElo "2036"]
[BlackElo "1906"]
[PlyCount "96"]
[EventDate "2009.08.04"]
[EventType "swiss"]
[EventRounds "9"]
[EventCountry "TRI"]
[SourceTitle "EXT 2015"]
[Source "ChessBase"]
[SourceDate "2014.11.20"]
[SourceVersion "1"]
[SourceVersionDate "2014.11.20"]
[SourceQuality "1"]

1. e4 c5 2. Nf3 d6 3. d3 Nc6 4. g3 g6 5. Bg2 Bg7 6. 0-0 Nf6 7. Re1 Bg4 8. h3 Bxf3 9. Bxf3 0-0 10. c3 Qc7 11. h4 h5 12. Qe2 Ne5 13. Bg2 c4 14. dxc4 Qxc4 15. Qxc4 Nxc4 16. Nd2 Ne5 17. Bf1 Rac8 18. Kg2 a6 19. Nf3 Nxf3 20. Kxf3 Ng4 21. Kg2 Ne5 22. Rb1 Nc4 23. Rd1 b5 24. Bd3 Rc7 25. f3 Rb8 26. a3 a5 27. f4 b4 28. cxb4 axb4 29. axb4 Rxb4 30. b3 Rcb7 31. Bc2 Rb8 32. Kf2 R4b7 33. Ke2 Nb6 34. Be3 Nd7 35. Rd5 Bc3 36. Rd3 Rc8 37. Bd2 Bxd2 38. Kxd2 Rbc7 39. Rb2 Nc5 40. Re3 Na6 41. f5 Nb4 42. Bb1 gxf5 43. exf5 Kg7 44. Re4 Nc6 45. b4 d5 46. Re3 d4 47. Reb3 Ne5 48. Bd3 Rc3 0-1

[Event "Caribbean op"]
[Site "Port of Spain"]
[Date "2009.08.08"]
[Round "8"]
[White "Singh, Ravishen"]
[Black "Duncan, Leonard"]
[Result "1-0"]
[WhiteElo "2116"]
[BlackElo "2036"]
[PlyCount "135"]
[EventDate "2009.08.04"]
[EventType "swiss"]
[EventRounds "9"]
[EventCountry "TRI"]
[SourceTitle "EXT 2015"]
[Source "ChessBase"]
[SourceDate "2014.11.20"]
[SourceVersion "1"]
[SourceVersionDate "2014.11.20"]
[SourceQuality "1"]

1. e4 c5 2. Nf3 Nc6 3. Nc3 Nf6 4. Bc4 g6 5. 0-0 Na5 6. e5 Nh5 7. Be2 Nf4 8. d4 Nxe2+ 9. Qxe2 cxd4 10. Nxd4 Bg7 11. Bg5 Nc6 12. Nf3 0-0 13. Nd5 Re8 14. Rfe1 h6 15. Bd2 Rf8 16. Bc3 b6 17. Rad1 Bb7 18. Qe4 Rc8 19. Qh4 g5 20. Qh5 Nb8 21. Ne3 Be4 22. Ng4 Bxf3 23. gxf3 Kh7 24. e6 f6 25. h4 d6 26. hxg5 Qe8 27. Qxe8 Rcxe8 28. gxf6 exf6 29. Rxd6 h5 30. Ne3 Rg8 31. Kh1 Bf8 32. Rd5 Rxe6 33. Rxh5+ Kg6 34. Rh3 Nc6 35. f4 Kf7 36. Nf5 Rxe1+ 37. Bxe1 Ke6 38. Ne3 f5 39. Bc3 b5 40. Rg3 Rxg3 41. fxg3 Bc5 42. Nd1 b4 43. Bh8 Ne7 44. Kg2 Ng6 45. Bg7 Kf7 46. Bh6 Ke6 47. Kf3 Ne7 48. Bg7 a5 49. Bf8 a4 50. Bxe7 Kxe7 51. g4 fxg4+ 52. Kxg4 Kf6 53. Kf3 Bd4 54. Ke4 Bc5 55. Ne3 Bf8 56. Nd5+ Kf7 57. Nb6 a3 58. b3 Bg7 59. Nd5 Bf8 60. f5 Bd6 61. Kd3 Bf8 62. Kc4 Bd6 63. Kb5 Bf8 64. Kc6 Bg7 65. Nxb4 Kf6 66. Nd5+ Kxf5 67. b4 Ke4 68. b5 1-0

[Event "Caribbean op"]
[Site "Port of Spain"]
[Date "2009.08.07"]
[Round "6"]
[White "Winter Roach, Alex"]
[Black "Duncan, Leonard"]
[Result "1/2-1/2"]
[WhiteElo "2026"]
[BlackElo "2036"]
[PlyCount "144"]
[EventDate "2009.08.04"]
[EventType "swiss"]
[EventRounds "9"]
[EventCountry "TRI"]
[SourceTitle "EXT 2015"]
[Source "ChessBase"]
[SourceDate "2014.11.20"]
[SourceVersion "1"]
[SourceVersionDate "2014.11.20"]
[SourceQuality "1"]

1. e4 d6 2. Bc4 g6 3. d4 Bg7 4. Be3 Nc6 5. f4 Nf6 6. Qd3 d5 7. Bxd5 Nxd5 8. exd5 Qxd5 9. Nf3 Nb4 10. Qd2 Qe4 11. Na3 Nd5 12. Kf2 Bg4 13. Ng5 Qxe3+ 14. Qxe3 Nxe3 15. Kxe3 0-0 16. h3 Bd7 17. c3 f6 18. Nf3 Bc6 19. Rad1 Rad8 20. c4 Bxf3 21. Kxf3 e5 22. d5 exf4 23. Kxf4 f5 24. Nb5 Rd7 25. b3 a6 26. Na3 Re8 27. Rhe1 Rde7 28. Rxe7 Rxe7 29. Kf3 Kf7 30. c5 Ke8 31. Nc4 Kd7 32. d6 Re4 33. Na5 Rd4 34. Rxd4 Bxd4 35. Nxb7 cxd6 36. cxd6 Bb6 37. b4 Kc6 38. Nc5 a5 39. a3 axb4 40. axb4 Kxd6 41. Nd3 Kd5 42. Nf4+ Ke5 43. b5 g5 44. Nh5 h6 45. g4 f4 46. Ng7 Kf6 47. Nf5 h5 48. Nd6 hxg4+ 49. hxg4 Bd4 50. Ke4 Ke6 51. Nc4 Ba7 52. b6 Bb8 53. Kd4 Kd7 54. Ke4 Kc6 55. Kf5 Kc5 56. Nd2 Kxb6 57. Kxg5 Kc6 58. Kf5 Kd7 59. Nf3 Ke7 60. Kg6 Bd6 61. Kf5 Kf7 62. Nh4 Kg7 63. Ke4 Kf6 64. Kf3 Kg5 65. Ng2 Bc7 66. Ne1 Bb8 67. Nd3 Bd6 68. Nf2 Bc7 69. Nh3+ Kg6 70. Ke4 Bb8 71. g5 Bc7 72. Kf3 Bd8 1/2-1/2

[Event "Port of Spain Knights op"]
[Site "Port of Spain"]
[Date "2008.05.15"]
[Round "5"]
[White "Cabralis, Quinn"]
[Black "Duncan, Leonard"]
[Result "1-0"]
[WhiteElo "1972"]
[BlackElo "2122"]
[PlyCount "77"]
[EventDate "2008.04.17"]
[EventType "swiss"]
[EventRounds "7"]
[EventCountry "TRI"]
[SourceTitle "EXT 2023"]
[Source "ChessBase"]
[SourceDate "2022.10.05"]
[SourceVersion "1"]
[SourceVersionDate "2022.10.05"]
[SourceQuality "1"]

1. e4 d6 2. d4 g6 3. Nf3 Bg7 4. Nc3 Nc6 5. Be3 Bg4 6. Bb5 a6 7. Ba4 b5 8. Bb3 e6 9. d5 Na5 10. h3 Bxf3 11. Qxf3 e5 12. 0-0-0 Qd7 13. g4 h5 14. Rdg1 0-0-0 15. Kb1 hxg4 16. hxg4 Nxb3 17. cxb3 Rxh1 18. Rxh1 f5 19. gxf5 Rf8 20. f6 Nxf6 21. Qe2 Ng4 22. Rg1 Nxe3 23. Qxe3 Qf7 24. Nd1 Kb7 25. Kc2 Bf6 26. Qg3 g5 27. Qc3 Bd8 28. Qc6+ Ka7 29. Rg3 Qf4 30. Re3 g4 31. b4 g3 32. fxg3 Qf1 33. Ra3 Qc4+ 34. Qxc4 bxc4 35. Ne3 Rf2+ 36. Kc3 Rf3 37. Kxc4 Rxg3 38. b5 Rg4 39. Nxg4 1-0